000 01233nam a2200301 4500
003 EG-GICUC
005 20260316095809.0
008 260316s1960 ua ||||fr|||| 000 0 ara d
040 _a EG-GICUC
_bara
_c EG-GICUC
_d EG-GICUC
_erda
041 0 _aara
082 0 4 _221
_a251
_bم ح . م
092 0 4 _221
099 _aLaw1 01 251 م ح . م [1960]
100 0 _aمحمد زكريا البردسيي.
_eمؤلف.
245 1 2 _aالمحاضرات التي ألقاها الأستاذ الشيخ محمد زكريا البرديسي في اصول الفقه الاسلامي بدبلوم القانون الخاص /
_cمحمد زكريا البرديسي
264 _aالجيزة :
_bجامعة القاهرة،
_c[1960].
300 _a86 صفحة، صفحات غير مرقمة ؛
_c29 سم.
336 _2rda content
_atext
337 _2rda media
_aComputer
338 _2rda carrier
_aOnline Resource
504 _aيشتمل على إرجاعات ببليوجرافية.
546 _aالنص باللغة الفرنسية
650 1 _aأصول الفقه الإسلامي.
_2qrmak
651 1 _2qrmak
856 4 0 _uhttps://fll.law.cu.edu.eg/fulltext/bks/B01-04937.pdf
905 _a62
942 _2ddc
_n0
_cBK
_e21
999 _c66366
_d66366